| 000 | 00333nam a22001217a 4500 | ||
|---|---|---|---|
| 082 |
_a344.5491 _bAUL |
||
| 100 | _aAulakh, Abdul Majeed | ||
| 245 |
_aPakistan Prisons Code (Jail Manual) / _cAbdul Majeed Aulakh |
||
| 260 |
_aLahore : _bKausar Brothers, _c2006. |
||
| 300 |
_a760 p. ; _c24 cm. |
||
| 563 | _aHB. | ||
| 942 |
_2ddc _cBK |
||
| 999 |
_c616001 _d616001 |
||